[Event "HZ Chess Tournament 2019"]
[Site "Vlissingen"]
[Date "2019.08.04"]
[Round "3.39"]
[White "Hofstee, Piet"]
[Black "De Boer, Robert"]
[Result "1/2-1/2"]
[WhiteElo "1706"]
[BlackElo "1976"]
[PlyCount "61"]
[EventCountry "NED"]

1. e4 e6 2. d4 d5 3. exd5 exd5 4. Nf3 Nf6 5. Bd3 c5 6. dxc5 Bxc5 7. O-O O-O 8.
Bg5 Nc6 9. Nc3 Be6 10. h3 h6 11. Bh4 a6 12. a3 Rc8 13. Re1 Re8 14. Qd2 Be7 15.
Re2 Qa5 16. Rae1 Qc5 17. Bg3 b5 18. Ne5 Nd4 19. Re3 Nxc2 20. Bxc2 d4 21. Rf3
dxc3 22. Rxc3 Qb6 23. Rxc8 Rxc8 24. Bb1 Rd8 25. Qc2 Qc5 26. Nc6 Qxc2 27. Nxe7+
Kf8 28. Bxc2 Kxe7 29. Bf5 Rd2 30. Bxe6 fxe6 31. Be5 1/2-1/2

[Event "HZ Chess Tournament 2019"]
[Site "Vlissingen"]
[Date "2019.08.04"]
[Round "3.40"]
[White "Le Clercq, Maxim"]
[Black "Muenk, Johannes"]
[Result "1-0"]
[WhiteElo "1970"]
[BlackElo "1697"]
[PlyCount "53"]
[EventCountry "NED"]

1. d4 Nf6 2. Bf4 d5 3. e3 c5 4. c3 Nc6 5. Nd2 Bf5 6. Qb3 Qb6 7. dxc5 Qxb3 8.
axb3 e5 9. Bg3 Bxc5 10. b4 Bd6 11. b5 Ne7 12. Ngf3 Nd7 13. Be2 f6 14. O-O Kf7
15. Nh4 Be6 16. f4 g6 17. Rad1 f5 18. Nhf3 e4 19. Ng5+ Kf6 20. Bh4 Bc5 21.
Ngxe4+ Kf7 22. Ng5+ Kf6 23. Nge4+ Kf7 24. Nxc5 Nxc5 25. Nf3 Ne4 26. Bd3 h6 27.
Ne5+ 1-0

[Event "HZ Chess Tournament 2019"]
[Site "Vlissingen"]
[Date "2019.08.04"]
[Round "3.41"]
[White "Alberts, Henk"]
[Black "Westerweele, Henrik"]
[Result "0-1"]
[WhiteElo "1702"]
[BlackElo "1961"]
[PlyCount "54"]
[EventCountry "NED"]

1. Nf3 e6 2. g3 f5 3. c4 Nf6 4. Nc3 Be7 5. Bg2 O-O 6. O-O d6 7. d4 Qe8 8. Qc2
Qh5 9. h3 Nc6 10. Qd2 Ne4 11. Qd3 Qg6 12. a3 Bd7 13. Nh2 Nxc3 14. bxc3 Rad8 15.
f4 e5 16. e4 Qh5 17. h4 Kh8 18. Rf2 Bf6 19. Bf3 Qg6 20. Rg2 exd4 21. h5 Qe8 22.
Re2 dxc3 23. exf5 Bd4+ 24. Kg2 Bxf5 25. Be4 Qxh5 26. Bxf5 Qxf5 27. Qxf5 Rxf5
0-1

[Event "HZ Chess Tournament 2019"]
[Site "Vlissingen"]
[Date "2019.08.04"]
[Round "3.42"]
[White "Van Rij, Gert"]
[Black "Bartels, Simon"]
[Result "1-0"]
[WhiteElo "1960"]
[BlackElo "1686"]
[PlyCount "65"]
[EventCountry "NED"]

1. d4 d5 2. c4 e6 3. Nc3 Nf6 4. cxd5 Nxd5 5. e4 Nxc3 6. bxc3 Be7 7. Nf3 O-O 8.
Bd3 b6 9. O-O Ba6 10. c4 Bf6 11. e5 Be7 12. Qe2 Nc6 13. Qe4 g6 14. Qxc6 Kg7 15.
Qe4 h5 16. h4 Rb8 17. Bg5 Bb7 18. Qf4 Bxg5 19. Nxg5 Qd7 20. Rad1 f6 21. Ne4
Bxe4 22. Qxe4 f5 23. Qf4 Kh7 24. Be2 c6 25. Rd3 b5 26. cxb5 Rxb5 27. Rc1 Rb2
28. Bf3 Rc8 29. Qg5 Qe8 30. Rdc3 Rb6 31. Rc5 Rc7 32. a4 Rb4 33. Bxc6 1-0

[Event "HZ Chess Tournament 2019"]
[Site "Vlissingen"]
[Date "2019.08.04"]
[Round "3.43"]
[White "Burg, Henk"]
[Black "Verbruggen, Samuel"]
[Result "0-1"]
[WhiteElo "1698"]
[BlackElo "1960"]
[PlyCount "186"]
[EventCountry "NED"]

1. e4 c5 2. Nc3 Nc6 3. g3 g6 4. Bg2 Bg7 5. d3 e6 6. f4 Nge7 7. Nf3 d5 8. O-O
Rb8 9. Ne2 d4 10. c3 dxc3 11. bxc3 O-O 12. Rb1 b6 13. d4 Ba6 14. Be3 cxd4 15.
cxd4 Bxe2 16. Qxe2 Nxd4 17. Nxd4 Bxd4 18. Rfd1 Bxe3+ 19. Qxe3 Qe8 20. Bf1 Rd8
21. Rdc1 Qd7 22. Rc2 Rc8 23. Rd2 Qc7 24. Rbd1 Rcd8 25. Kg2 Kg7 26. Bb5 Nc8 27.
Rd7 Rxd7 28. Rxd7 Qc2+ 29. Rd2 Qb1 30. Qd4+ Kg8 31. Bd3 Qc1 32. Rc2 Qa3 33. Qc3
Qxc3 34. Rxc3 Rd8 35. Kf3 Nd6 36. Ke3 Nb7 37. Rc7 Nc5 38. Be2 Rd7 39. Rc8+ Kg7
40. Bb5 Rd1 41. Rc7 a6 42. Be8 Kf8 43. Bc6 Rd3+ 44. Ke2 Ra3 45. e5 Rxa2+ 46.
Kf3 Rxh2 47. Rc8+ Kg7 48. Be8 h5 49. Rc7 Kf8 50. Bxf7 h4 51. gxh4 Rxh4 52. Bxg6
Rh6 53. Bb1 Ke8 54. Kg4 a5 55. Rc6 Kd7 56. Rxb6 a4 57. f5 Kc7 58. Rb2 exf5+ 59.
Kxf5 Rh5+ 60. Kf6 Nd7+ 61. Kg6 Rxe5 62. Rb4 Ra5 63. Bc2 a3 64. Bb3 Nc5 65. Bg8
Kc6 66. Rh4 Kb5 67. Bc4+ Kb4 68. Ba2+ Kc3 69. Rh3+ Nd3 70. Rh2 Ne5+ 71. Kh7 Rb5
72. Rh3+ Kb4 73. Rh4+ Ka5 74. Be6 Rb4 75. Rh5 Re4 76. Bd5 Re3 77. Bg8 Kb4 78.
Rh4+ Kc3 79. Ra4 Kb2 80. Ra8 Nd3 81. Rb8+ Ka1 82. Ra8 Nc5 83. Rc8 Rc3 84. Re8
Kb2 85. Rb8+ Nb3 86. Ra8 a2 87. Rxa2+ Kxa2 88. Kg7 Rc6 89. Kf7 Ka3 90. Ke7 Nc5
91. Bd5 Rh6 92. Kf7 Kb4 93. Kg7 Ra6 0-1

[Event "HZ Chess Tournament 2019"]
[Site "Vlissingen"]
[Date "2019.08.04"]
[Round "3.44"]
[White "Kogeler, Aart"]
[Black "Oostvogels, Niek"]
[Result "0-1"]
[WhiteElo "1690"]
[BlackElo "1929"]
[PlyCount "70"]
[EventCountry "NED"]

1. d4 d5 2. c4 c6 3. Nc3 Nf6 4. Nf3 dxc4 5. a4 Bf5 6. e3 e6 7. Bxc4 Bb4 8. Bd2
Nbd7 9. O-O O-O 10. Qe2 Qe7 11. h3 Nb6 12. Ne5 Nxc4 13. Nxc4 Rfd8 14. Na2 Bxd2
15. Nxd2 e5 16. Qf3 Bg6 17. dxe5 Qxe5 18. Nc4 Qe6 19. Rfc1 Be4 20. Qf4 Rd5 21.
g4 Rc5 22. Nd2 Rxc1+ 23. Nxc1 Bc2 24. Ne2 Nd5 25. Qc4 Bg6 26. Nd4 Qe7 27. N2f3
Rd8 28. Rc1 Nxe3 29. fxe3 Qxe3+ 30. Kg2 Be4 31. Kg3 Rxd4 32. Qxd4 Qxf3+ 33. Kh4
h6 34. Rc3 g5+ 35. Kh5 Kh7 0-1

[Event "HZ Chess Tournament 2019"]
[Site "Vlissingen"]
[Date "2019.08.04"]
[Round "3.45"]
[White "Roeth, Alexander"]
[Black "Hendrikse, Ad"]
[Result "1-0"]
[WhiteElo "1680"]
[BlackElo "1925"]
[PlyCount "35"]
[EventCountry "NED"]

1. d4 d5 2. Bf4 Nf6 3. e3 e6 4. Nf3 c5 5. c3 Nbd7 6. Nbd2 Be7 7. Bd3 Nh5 8. Bg3
Nxg3 9. hxg3 f5 10. Qe2 c4 11. Bc2 b5 12. Nh4 O-O 13. e4 fxe4 14. Nxe4 Bb7 15.
Nd6 Bxd6 16. Qxe6+ Rf7 17. Bxh7+ Kxh7 18. Ng6+ 1-0

[Event "HZ Chess Tournament 2019"]
[Site "Vlissingen"]
[Date "2019.08.04"]
[Round "3.46"]
[White "Morssink, Pieter Jan"]
[Black "Norden, Marc"]
[Result "1-0"]
[WhiteElo "1918"]
[BlackElo "1677"]
[PlyCount "75"]
[EventCountry "NED"]

1. Nf3 d5 2. c4 c6 3. g3 Nf6 4. Bg2 Bf5 5. O-O dxc4 6. Na3 e6 7. Nxc4 Be7 8. d3
Nbd7 9. e4 Bg4 10. h3 Bxf3 11. Bxf3 b5 12. Ne3 Ne5 13. Be2 O-O 14. Ng4 Nfxg4
15. hxg4 Qc7 16. d4 Ng6 17. Be3 Rfd8 18. Qc2 Rac8 19. Rac1 a6 20. a4 Qb8 21.
Qb3 Bd6 22. Kg2 e5 23. d5 cxd5 24. exd5 bxa4 25. Qxa4 Qxb2 26. Qxa6 Rxc1 27.
Rxc1 e4 28. Rc6 Qe5 29. Rc8 Rxc8 30. Qxc8+ Nf8 31. Bf4 Qxd5 32. Qd8 e3+ 33. Kh2
Qd2 34. Bxd6 h6 35. Qxf8+ Kh7 36. Be5 f6 37. Bxf6 gxf6 38. Qe7+ 1-0

[Event "HZ Chess Tournament 2019"]
[Site "Vlissingen"]
[Date "2019.08.04"]
[Round "3.47"]
[White "Silkaitis, Laimis"]
[Black "Welten, Hans"]
[Result "1/2-1/2"]
[WhiteElo "1678"]
[BlackElo "1887"]
[PlyCount "91"]
[EventCountry "NED"]

1. d4 Nf6 2. c4 e6 3. g3 d5 4. Nf3 c6 5. Bg2 Be7 6. O-O O-O 7. Qc2 Nbd7 8. Nbd2
Rb8 9. e4 dxe4 10. Nxe4 Nxe4 11. Qxe4 Nf6 12. Qe2 Bd6 13. b3 Qe7 14. Bb2 Ba3
15. Bc3 Bb4 16. Bxb4 Qxb4 17. Ne5 Bd7 18. Rfd1 Rfd8 19. Qc2 Be8 20. Qb2 Qe7 21.
c5 Bd7 22. a3 Rdc8 23. b4 h6 24. Nc4 Ne8 25. Qe2 Qd8 26. Rab1 Qe7 27. Rd2 Rd8
28. Rbd1 Nf6 29. Qe5 Be8 30. Nd6 Nd5 31. Re1 Qf6 32. Qe2 Bd7 33. Ne4 Qe7 34.
Qc4 Be8 35. Nd6 Qf6 36. Rde2 Bd7 37. Ne4 Qe7 38. f4 Qf8 39. Nd6 Nf6 40. Qc2 Kh8
41. Qc3 Kg8 42. Bh3 Nd5 43. Qf3 Ne7 44. Qd3 Kh8 45. Qf3 Kg8 46. Qd3 1/2-1/2

[Event "HZ Chess Tournament 2019"]
[Site "Vlissingen"]
[Date "2019.08.04"]
[Round "3.48"]
[White "Dittmar, Lars"]
[Black "De Bock, Martin"]
[Result "1-0"]
[WhiteElo "1882"]
[BlackElo "1661"]
[PlyCount "49"]
[EventCountry "NED"]

1. e4 e6 2. d4 d5 3. Nd2 c5 4. Ngf3 Nc6 5. c3 Nf6 6. e5 Nd7 7. Be2 c4 8. O-O
Be7 9. b3 cxb3 10. axb3 O-O 11. Bb2 f6 12. exf6 Bxf6 13. Qc2 e5 14. dxe5 Ndxe5
15. Rad1 Qe7 16. Rfe1 Be6 17. c4 Rad8 18. cxd5 Rxd5 19. Nxe5 Nxe5 20. Bxe5 Rxe5
21. Nf3 Rc5 22. Bc4 Rc6 23. Rxe6 Rxe6 24. Re1 Re8 25. Rxe6 1-0

[Event "HZ Chess Tournament 2019"]
[Site "Vlissingen"]
[Date "2019.08.04"]
[Round "3.49"]
[White "Schlaebitz, Joel"]
[Black "Van de Poel, Taco"]
[Result "1/2-1/2"]
[WhiteElo "1670"]
[BlackElo "1880"]
[PlyCount "52"]
[EventCountry "NED"]

1. e4 c5 2. Nf3 d6 3. d4 cxd4 4. Nxd4 Nf6 5. Nc3 Nc6 6. Bc4 e5 7. Nde2 Be7 8.
Bg5 Be6 9. Bxf6 Bxc4 10. Bxe7 Nxe7 11. Qd2 d5 12. exd5 Nxd5 13. O-O-O Nb6 14.
Qxd8+ Rxd8 15. Rxd8+ Kxd8 16. Rd1+ Kc7 17. b3 Bxe2 18. Nxe2 f5 19. c4 Kc6 20.
Nc3 a6 21. Nd5 Nxd5 22. Rxd5 Re8 23. a4 g6 24. Kd2 Re7 25. Ke3 b6 26. b4 Re8
1/2-1/2

[Event "HZ Chess Tournament 2019"]
[Site "Vlissingen"]
[Date "2019.08.04"]
[Round "3.50"]
[White "Hendrix, Joachim"]
[Black "Wagner, Margarethe"]
[Result "1/2-1/2"]
[WhiteElo "1871"]
[BlackElo "1660"]
[PlyCount "84"]
[EventCountry "NED"]

1. Nf3 Nf6 2. g3 g6 3. Bg2 Bg7 4. d3 d5 5. O-O O-O 6. c3 Re8 7. Nbd2 e5 8. e4
dxe4 9. dxe4 Nbd7 10. b4 b5 11. a4 c6 12. Qe2 Qb6 13. a5 Qc7 14. Nb3 a6 15. Bd2
Bb7 16. c4 c5 17. Ne1 cxb4 18. Rc1 Qd6 19. c5 Qe6 20. Qe3 Ng4 21. Qd3 Rad8 22.
Qc2 Qc6 23. f3 Ngf6 24. Nd3 Bf8 25. Bxb4 Qe6 26. Nf2 Bc6 27. Bd2 Nb8 28. Be3
Qe7 29. Nd3 Bb7 30. Nb4 Nc6 31. Nxc6 Bxc6 32. h4 Nh5 33. Kh2 Ng7 34. Rfd1 Rxd1
35. Rxd1 Rd8 36. Rc1 Qd7 37. Bf1 Ne6 38. Qf2 Rc8 39. Rc2 Qe7 40. Bh3 Bd7 41.
Rd2 Rc7 42. Rc2 Bc6 1/2-1/2